Life and teachings of Adi Sankaracarya / (Record no. 9758)

MARC details
000 -LEADER
fixed length control field 00858 a2200241 4500
010 ## - LIBRARY OF CONGRESS CONTROL NUMBER
LC control number ENG-89043
020 ## - INTERNATIONAL STANDARD BOOK NUMBER
Terms of availability 200.00
International Standard Book Number 812460407X
035 ## - SYSTEM CONTROL NUMBER
System control number EN-72576
037 ## - SOURCE OF ACQUISITION
Source of stock number/acquisition DBAD / PUB
082 14 - DEWEY DECIMAL CLASSIFICATION NUMBER
Classification number 181.46
090 ## - LOCALLY ASSIGNED LC-TYPE CALL NUMBER (OCLC); LOCAL CALL NUMBER (OCLC)
-- 9953
-- 9953
100 1# - MAIN ENTRY--PERSONAL NAME
Personal name Victor, P. George
245 1# - TITLE STATEMENT
Title Life and teachings of Adi Sankaracarya /
Statement of responsibility, etc by P. George Victor
260 ## - PUBLICATION, DISTRIBUTION, ETC. (IMPRINT)
Place of publication, distribution, etc New Delhi
Name of publisher, distributor, etc D.K. Printworld
Date of publication, distribution, etc 2002
270 ## - ADDRESS
Address Regd. Office: `Sri Kunj', F-52, Bali Nagar,
City New Delhi
Postal code 110 015
300 ## - PHYSICAL DESCRIPTION
Dimensions 22 cm ( Pbk.)
Extent xii, 172p.
490 ## - SERIES STATEMENT
Series statement Andhra University philosophical studies; no. 1
500 ## - GENERAL NOTE
General note Includes bibliographical references and index
650 ## - SUBJECT ADDED ENTRY--TOPICAL TERM
Topical term or geographic name as entry element Sankaracarya
650 ## - SUBJECT ADDED ENTRY--TOPICAL TERM
Topical term or geographic name as entry element Hindu philosophy in India
General subdivision Biography
942 ## - ADDED ENTRY ELEMENTS (KOHA)
Koha item type English Books
Institution code [OBSOLETE] dpl
Call number prefix 181.46 / VIC
Holdings
Withdrawn status Lost status Source of classification or shelving scheme Damaged status Not for loan Collection code Home library Current library Source of acquisition Cost, normal purchase price Total Checkouts Full call number Barcode Date last seen Copy number Uniform Resource Identifier Cost, replacement price Price effective from Koha item type
    Dewey Decimal Classification   Not For Loan Non-fiction D.B.Act.Division D.B.Act.Division DBAD/PUB 200.00   181.46 VIC EN-72576 15/09/2008 1 10759 200.00 15/09/2008 English Books

© Delhi Public Library
Hit Counter
free hit counter